000 00474cam a2200193ua 4500
001 7821
008 141224n ii |||gr||||Z||||||ben
040 _cMAIN
041 _aben
082 _a891.443
100 _aTagore, R.,
_eAuthor.
245 _aGalpoguchcha
_cBy Rabindranath Tagore
250 _a1st.
260 _aKolkatta:
_bBiswabharati,
_c1972.
300 _a515p.
653 _aEast Indo-European & Celtic literatures
653 _aBengali stories
942 _cBK
999 _c6941
_d6941